| 000 -ლიდერი |
| ფიქსირებული სიგრძის საკონტროლო ველი |
01118nam a22001937a 4500 |
| 003 - საკონტროლო ნომრის იდენტიფიკატორი |
| საკონტროლო ველი |
Ge_BSU |
| 005 - ბოლო ოპერაციის თარიღი და დრო |
| საკონტროლო ველი |
20250502155112.0 |
| 008 - ფიქსირებული სიგრძის მონაცემთა ელემენტები - ზოგადი ინფორმაცია |
| ფიქსირებული სიგრძის საკონტროლო ველი |
250502s2004 ge ||||| |||| 00| 0 geo d |
| 041 ## - ენის კოდი |
| Language code of text/sound track or separate title |
geo |
| 080 ## - უნივერსალური ათობითი კლასიფიკაციის ინდექსი |
| Universal Decimal Classification number |
347.772 : 349.42 :338.439 ს-96 |
| 245 ## - ცნობა სათაურის შესახებ |
| Title |
სურსათის ეტიკეტირების სრული ტექსტები : |
| Remainder of title |
შესწორებული 2001 წ. / |
| Statement of responsibility, etc |
კოდექს ალიმენტარიუსის კომისია; [თარგმანი: ზურაბ ბრეგვაძე; რედ.: ლევან ჩიტეიშვილი]. |
| 264 ## - წარმოების, გამოცემის, დისტრიბუციის და სხვა ცნობები |
| გამოცემის, წარმოების, დისტრიბუციის... ადგილი |
თბ. : |
| გამოცემის, წარმოების, დისტრიბუციის... სახელწოდება |
მამუკა გელიაშვილი, |
| გამოცემის, წარმოების, დისტრიბუციის... თარიღი |
2004. |
| 300 ## - ფიზიკური აღწერა |
| Extent |
54 გვ. ; |
| Other physical details |
20 სმ. |
| 653 ## - INDEX TERM--UNCONTROLLED |
| Uncontrolled term |
სასოფლო-სამეურნეო სამართალი |
| 653 ## - INDEX TERM--UNCONTROLLED |
| Uncontrolled term |
სასურსათო საკითხი |
| 653 ## - INDEX TERM--UNCONTROLLED |
| Uncontrolled term |
სურსათის ეტიკეტირება |
| 710 ## - ADDED ENTRY--CORPORATE NAME |
| Corporate name or jurisdiction name as entry element |
კოდექს ალიმენტარიუსის კომისია. |
| 9 (RLIN) |
24999 |
| 942 ## - ADDED ENTRY ELEMENTS (KOHA) |
| Source of classification or shelving scheme |
|
| Koha item type |
წიგნი |